Flagi z tylko niebieskim i białym - Quiz obrazu - Statystyki

Ogólne statystyki
  • Ten quiz został rozwiązany 1 959 razy
  • Średni wynik to 5 z 6
Statystyki odpowiedzi
Obrazkowy Odpowiedź % Poprawnych
Grecja
100%
Finlandia
99%
Izrael
97%
Honduras
77%
Somalia
70%
Mikronezja
54%
Nie znaleziono quizów pasujących do podanych kryteriów
Rozkład punktacji
Procent ludzi z każdym wynikiem
Percentyl według liczby udzielonych odpowiedzi
Twoja historia wyników
Nie rozwiązałeś tego quizu